000 00720cam a22002531 4500
001 30154
003 BD-RjUL
005 20211209051524.0
008 140409s1957 nyua 001 0 eng
035 _a(BD-RjUL)30239
040 _aDLC
_cDLC
_dDLC
_dBD-RjUL
_beng
041 _aeng
082 0 0 _a160
_bSUI 1957
100 1 _aSuppes, Patrick,
_d1922-
_919292
245 1 0 _aIntroduction to logic /
_cby Patrick Suppes.
260 _aNew York :
_bD. Van Nostrand Co.,
_cc[1957.
300 _axiii, 312 p. :
_bill. ;
_c24 cm.
490 0 _aThe University series in undergraduate mathematics
504 _aIncludes index.
650 0 _aLogic.
_991677
942 _2ddc
_cBK
999 _c30154
_d30154